ბათუმის შოთა რუსთაველის სახელმწიფო უნივერსიტეტის ბიბლიოთეკა

Le Point №2303. 27octobre.2016. (ბიბ.ჩანაწერი № 52331)

000 -LEADER
fixed length control field 00380nam a2200169Ia 4500
001 - CONTROL NUMBER
control field 19347
003 - CONTROL NUMBER IDENTIFIER
control field GE_BSU
008 - FIXED-LENGTH DATA ELEMENTS--GENERAL INFORMATION
fixed length control field 181216s||||||||xx |||||||||||||| ||und||
040 ## - CATALOGING SOURCE
Transcribing agency GE_BSU
245 ## - TITLE STATEMENT
Title Le Point №2303. 27octobre.2016.
260 ## - PUBLICATION, DISTRIBUTION, ETC.
Place of publication, distribution, etc. Paris
260 ## - PUBLICATION, DISTRIBUTION, ETC.
Date of publication, distribution, etc. 2016
300 ## - PHYSICAL DESCRIPTION
Extent 100p;ill;27cm
653 ## - INDEX TERM--UNCONTROLLED
Uncontrolled term Le Point
653 ## - INDEX TERM--UNCONTROLLED
Uncontrolled term პერიოდიკა
942 ## - ADDED ENTRY ELEMENTS (KOHA)
Koha item type პერიოდიკა

არაა ხელმისაწვდომი ეგზემპლარები.